| 000 | 00935nam a2200265Ia 4500 | ||
|---|---|---|---|
| 003 | OSt | ||
| 005 | 20220918111919.0 | ||
| 006 | a|||||r|||| 00| 0 | ||
| 007 | ta | ||
| 008 | 220915b |||||||| |||| 00| 0 hin d | ||
| 024 | _a215388 | ||
| 037 | _cTextbook | ||
| 040 |
_bhin _aARTS _cARTS |
||
| 041 | _ahin | ||
| 082 | _aO44,1:g, 152J5.2 | ||
| 100 | _aनगेन्द्र | ||
| 245 | 0 | _aभारतीय काव्य-शास्त्र की भूमिका | |
| 246 | _aBhāratīya kāvya-shāstra kī bhūmikā | ||
| 260 |
_aदिल्ली _bनेशनल पब्लिशिंग भारत _c1955 |
||
| 300 |
_a349पण् _ccm. |
||
| 490 | _aरीति तथा व्रकोक्ति सिद्धांत | ||
| 650 | _aहिन्दी साहित्य | ||
| 942 |
_hO44,1:g, 152J5.2 _cTB _2CC |
||
| 999 |
_c117184 _d117184 |
||